<?xml version="1.0" encoding="UTF-8"?>
<record
    xmlns:xsi="http://www.w3.org/2001/XMLSchema-instance"
    xsi:schemaLocation="http://www.loc.gov/MARC21/slim http://www.loc.gov/standards/marcxml/schema/MARC21slim.xsd"
    xmlns="http://www.loc.gov/MARC21/slim">

  <leader>01564mam a2200409 a 4500</leader>
  <controlfield tag="001">2370113</controlfield>
  <controlfield tag="005">20220326193341.0</controlfield>
  <controlfield tag="008">990614s1998    sz a     c    000 0 eng d</controlfield>
  <datafield tag="020" ind1=" " ind2=" ">
    <subfield code="a">3907044800</subfield>
  </datafield>
  <datafield tag="035" ind1=" " ind2=" ">
    <subfield code="a">(OCoLC)42764755</subfield>
  </datafield>
  <datafield tag="035" ind1=" " ind2=" ">
    <subfield code="a">(OCoLC)ocm42764755</subfield>
  </datafield>
  <datafield tag="035" ind1=" " ind2=" ">
    <subfield code="a">(NNC)2370113</subfield>
  </datafield>
  <datafield tag="040" ind1=" " ind2=" ">
    <subfield code="a">SLB</subfield>
    <subfield code="c">SLB</subfield>
    <subfield code="d">CStRLIN</subfield>
    <subfield code="d">DNWM</subfield>
    <subfield code="d">NNC</subfield>
  </datafield>
  <datafield tag="041" ind1="0" ind2=" ">
    <subfield code="a">engfregeritapor</subfield>
  </datafield>
  <datafield tag="090" ind1=" " ind2=" ">
    <subfield code="a">700.74</subfield>
    <subfield code="b">F618f</subfield>
  </datafield>
  <datafield tag="100" ind1="1" ind2=" ">
    <subfield code="a">Fleury, Sylvie,</subfield>
    <subfield code="d">1961-</subfield>
    <subfield code="9">4540</subfield>
  </datafield>
  <datafield tag="245" ind1="1" ind2="0">
    <subfield code="a">Sylvie Fleury :</subfield>
    <subfield code="b">first spaceship on Venus and other vehicles : 24a Bienal Internacional de S&#xE3;o Paulo em 1998, Sui&#xE7;a = 24th International Biennale of S&#xE3;o Paulo 1998, Switzerland.</subfield>
  </datafield>
  <datafield tag="246" ind1="3" ind2="0">
    <subfield code="a">First spaceship on Venus and other vehicles</subfield>
  </datafield>
  <datafield tag="260" ind1=" " ind2=" ">
    <subfield code="a">Baden :</subfield>
    <subfield code="b">L. M&#xFC;ller ;</subfield>
    <subfield code="a">Berne :</subfield>
    <subfield code="b">Swiss Federal Office of Culture,</subfield>
    <subfield code="c">1998.</subfield>
  </datafield>
  <datafield tag="300" ind1=" " ind2=" ">
    <subfield code="a">144 p.</subfield>
    <subfield code="b">ill. (col.) ;</subfield>
    <subfield code="c">30 cm.</subfield>
  </datafield>
  <datafield tag="546" ind1=" " ind2=" ">
    <subfield code="a">Text in English, Italian, French, German, and Portuguese.</subfield>
  </datafield>
  <datafield tag="600" ind1="1" ind2="0">
    <subfield code="a">Fleury, Sylvie,</subfield>
    <subfield code="d">1961- </subfield>
    <subfield code="v">Exhibiciones</subfield>
    <subfield code="9">4541</subfield>
  </datafield>
  <datafield tag="650" ind1=" " ind2=" ">
    <subfield code="a">Arte Moderno</subfield>
    <subfield code="9">145</subfield>
  </datafield>
  <datafield tag="650" ind1=" " ind2=" ">
    <subfield code="a">Bienal Internacional </subfield>
    <subfield code="y">1998</subfield>
    <subfield code="z">S&#xE3;o Paulo</subfield>
    <subfield code="9">4542</subfield>
  </datafield>
  <datafield tag="700" ind1=" " ind2=" ">
    <subfield code="a">Lienhard, Pierre-Andr&#xE9;</subfield>
    <subfield code="c">[Curador]</subfield>
    <subfield code="9">4543</subfield>
  </datafield>
  <datafield tag="700" ind1=" " ind2=" ">
    <subfield code="a">Bovier, Lionel</subfield>
    <subfield code="9">4545</subfield>
  </datafield>
  <datafield tag="700" ind1=" " ind2=" ">
    <subfield code="a">Cherix, Christophe</subfield>
    <subfield code="9">4546</subfield>
  </datafield>
  <datafield tag="700" ind1=" " ind2=" ">
    <subfield code="a">Decter, Joshua</subfield>
    <subfield code="9">4102</subfield>
  </datafield>
  <datafield tag="700" ind1=" " ind2=" ">
    <subfield code="a">Farwood, Cristina</subfield>
    <subfield code="9">4547</subfield>
  </datafield>
  <datafield tag="700" ind1=" " ind2=" ">
    <subfield code="a">Verzotti, Giorgio</subfield>
    <subfield code="9">4548</subfield>
  </datafield>
  <datafield tag="700" ind1=" " ind2=" ">
    <subfield code="a">Vett, Spark</subfield>
    <subfield code="9">4549</subfield>
  </datafield>
  <datafield tag="700" ind1=" " ind2=" ">
    <subfield code="a">Williams, Parker</subfield>
    <subfield code="9">4550</subfield>
  </datafield>
  <datafield tag="700" ind1=" " ind2=" ">
    <subfield code="a">Zwitchie, Pam</subfield>
    <subfield code="9">4551</subfield>
  </datafield>
  <datafield tag="710" ind1="1" ind2=" ">
    <subfield code="a">Switzerland, </subfield>
    <subfield code="b">Bundesamt f&#xFC;r Kultur.</subfield>
    <subfield code="9">4544</subfield>
  </datafield>
  <datafield tag="711" ind1="2" ind2=" ">
    <subfield code="a">Bienal Internacional de S&#xE3;o Paulo</subfield>
    <subfield code="n">(24th :</subfield>
    <subfield code="d">1998)</subfield>
    <subfield code="9">4517</subfield>
  </datafield>
  <datafield tag="999" ind1=" " ind2=" ">
    <subfield code="c">832</subfield>
    <subfield code="d">832</subfield>
  </datafield>
  <datafield tag="952" ind1=" " ind2=" ">
    <subfield code="0">0</subfield>
    <subfield code="1">0</subfield>
    <subfield code="2">ddc</subfield>
    <subfield code="4">0</subfield>
    <subfield code="7">0</subfield>
    <subfield code="a">LV</subfield>
    <subfield code="b">LV</subfield>
    <subfield code="c">Eventos y Bienales</subfield>
    <subfield code="d">2016-01-25</subfield>
    <subfield code="l">0</subfield>
    <subfield code="o">700.74 F618f</subfield>
    <subfield code="p">000752</subfield>
    <subfield code="r">2016-01-25 00:00:00</subfield>
    <subfield code="w">2016-01-25</subfield>
    <subfield code="y">01</subfield>
  </datafield>
</record>
